Rǧimen de pensiones en las convenciones colectivas de trabajo

Detalles Bibliográficos
Autor principal: Valero Rodrg̕uez, Óscar Miguel
Formato: eBook
Lenguaje:español
Publicado: Bogot:̀ Universidad Catl̤ica de Colombia, 2016
Materias:
Acceso en línea:Acceso restringido

MARC

LEADER 00000nam a22000007a 4500
005 20181031122446.0
007 cr|||| ||||
008 181031s2016 co |||||s|||| 00||0 spa d
020 |a 978-958-8934-27-3 
035 |a 22134 
040 |a vLex 
090 |c 8251  |d 8251 
100 1 |a Valero Rodrg̕uez, Óscar Miguel 
245 1 0 |a Rǧimen de pensiones en las convenciones colectivas de trabajo  |h [Recurso electrn̤ico] /  |c Óscar Miguel Valero Rodrg̕uez 
256 |a Servicio en ln̕ea 
260 |a Bogot:̀  |b Universidad Catl̤ica de Colombia,  |c 2016 
300 |a 1 recurso electrn̤ico 
506 1 |a Disponible solo en los productos indicados  |d vLex Global  |d vLex Global (Academic Edition, excluding Law Schools)  |d vLex Global (U.S. Academic Edition, Law Schools)  |d vLex Global (U.S. Academic Edition, excluding Law Schools)  |d vLex Global (Academic Edition, Law Schools) 
650 0 4 |a Derecho Laboral y Seguridad Social  |z Colombia 
740 0 |a vLex Libros (Servicio en ln̕ea) 
856 4 0 |u http://vlex.com/source/regimen-pensiones-convenciones-colectivas-trabajo-22134  |z Acceso restringido 
942 |c BOOK 
999 0 |a Labor law and social security